[Event "Cologne Longerich op 8th"]
[Site "Cologne"]
[Date "2011.08.13"]
[Round "2"]
[White "Mischke, Eckhard"]
[Black "Ringeltaube, Denny"]
[Result "1-0"]
[WhiteElo "1813"]
[BlackElo "1633"]
[PlyCount "103"]
[EventDate "2011.08.12"]
[EventType "swiss"]
[EventRounds "5"]
[EventCountry "GER"]
[SourceTitle "EXT 2017"]
[Source "ChessBase"]
[SourceDate "2016.10.25"]
[SourceVersion "1"]
[SourceVersionDate "2016.10.25"]
[SourceQuality "1"]

1. Nf3 Nf6 2. g3 g6 3. Bg2 Bg7 4. c4 0-0 5. Nc3 d6 6. d4 Nbd7 7. 0-0 e5 8. d5 h6 9. Bd2 Nh7 10. e4 Ndf6 11. b4 Bd7 12. Nh4 c6 13. h3 cxd5 14. cxd5 Rc8 15. Rc1 Rc4 16. Qb3 b5 17. Rfe1 a6 18. a4 Qb8 19. Bf1 Rc7 20. a5 Nh5 21. Be3 g5 22. Nf5 Bxf5 23. exf5 N5f6 24. Bd3 Re8 25. f3 Nf8 26. Bb6 Rcc8 27. Ne4 N8d7 28. Be3 Bf8 29. Rc6 Nxe4 30. Bxe4 Qb7 31. Rec1 Nb8 32. R6c3 Nd7 33. Bd2 Qa7+ 34. Be3 Qb7 35. Qc2 Rxc3 36. Qxc3 Qb8 37. Qc6 Nf6 38. Qxa6 Kg7 39. Bb6 Nd7 40. Ba7 Qa8 41. Rc7 Nf6 42. Qxb5 Rc8 43. Rxc8 Qxc8 44. Qc6 Qd8 45. Bb6 Qe7 46. a6 g4 47. hxg4 h5 48. Qb7 Qe8 49. Qc6 Qe7 50. a7 hxg4 51. a8Q Nh5 52. Bd8 1-0